| 000 | 00715nam a22002297a 4500 | ||
|---|---|---|---|
| 005 | 20260418124458.0 | ||
| 008 | 260418b |||||||| |||| 00| 0 eng d | ||
| 020 |
_a9788119679843 _c300 |
||
| 040 | _aMAIN | ||
| 041 | _aasm | ||
| 082 |
_a351 _bGOH |
||
| 100 |
_aGohain, N. _qNabin |
||
| 245 |
_aলোক প্ৰশাসনৰ পৰিচয় / Loko Proshashonor Parichay _bIntroduction To Public Administration |
||
| 250 | _a2nd Revised Ed. | ||
| 260 |
_aJorhat _bBidya Bhawan _c2026 |
||
| 300 |
_a320 p. ; _c14 x 22 cm |
||
| 505 | _aNEP 4th Semester Major Political Science | ||
| 650 | _aPolitical Science | ||
| 700 | _bBora, Pankaj | ||
| 700 | _bSaikia, Pranjit | ||
| 942 |
_2ddc _cBK |
||
| 999 |
_c16371 _d16371 |
||